| 000 | 00549nam a2200205Ia 4500 | ||
|---|---|---|---|
| 005 | 20260429112255.0 | ||
| 008 | 260429s9999||||xx |||||||||||||| ||und|| | ||
| 020 | _a9780691180656 | ||
| 041 | _aEnglish | ||
| 082 |
_a808.1 _bHET |
||
| 100 | _aHetherington, Paul | ||
| 245 | 0 |
_aProse poetry : _ban introduction / _cPaul Hetherington |
|
| 250 | _a1st ed. | ||
| 260 |
_aPrinceton : _bPrinceton University Press, _c2020. |
||
| 300 | _aviii, 346 p.; pbk | ||
| 650 | _a Prose | ||
| 650 | _aPoetry | ||
| 700 | _a Atherton, Cassandra | ||
| 942 | _cTB | ||
| 999 |
_c53247 _d53247 |
||